000 005550000a22001810004500
003 MACL
005 20160420154440.0
008 160420b xxu||||| |||| 00| 0 eng d
040 _aMACL
_cMACL
041 _aHindi
082 _a403
100 _aश्‍यामसुंदर दास
_952985
245 _aहिन्‍दी शब्‍दसागर
260 _bकाशी नागरी प्रचारिणी सभा
_c1965
_aवाराणसी
350 _a25
650 _aDictionary
_952986
942 _cHIN
_k403
_2ddc
999 _c22116
_d22116